00485nam a22001577a 45000050016000000100013000160200026000290350013000550370024000681000021000922450061001132600032001742700067002063000030002734900024003032011120103473.0 aB-454765 a9788179932124c155.00 aB-454765 aBlue Berry/VenbDPL aSengupta, Roshni aBio Energy :bpowering the future /cby Roshni, Sengupta aNew DelhibTeri Pressc2008 aDarbari Seth Block, IHC Complex, Lodhi RoadbNew Delhie110003 a30p.bcol.illc28cm. (Hb) aFuture Power Energy